00279nam a2200109Ia 4500008004100000041001200041100001800053245007000071250001300141260000900154650000600163221030s9999 xx 000 0 und d aEnglish aG. M. Marakas 0aModern Data Warehousing, Mining, & Visulazationcby G. M. Marakas aJAN 2016 c2016 aB